Oscar Songs Sharing Movie Title Quiz Stats

 Plays Quiz not verified by Sporcle

Also try: Sondheim Musicals
Challenge
Share
Tweet
Embed
Score 0/16 Timer 05:00
0 Plays Today
Year Song/Movie % Correct
1991Beauty and the Beast
81.9%
1971Theme from 'Shaft'
73.5%
1993Streets of Philadelphia
67.5%
1976Evergreen (Love Theme from A Star is Born)
54.2%
1973The Way We Were
51.8%
1980Fame
51.8%
1981Arthur's Theme (The Best That You Can Do)
50.6%
1952High Noon (Do Not Forsake Me, Oh My Darlin')
44.6%
Year Song/Movie % Correct
1958Gigi
38.6%
1983Flashdance...What a Feeling
38.6%
1960Never on Sunday
32.5%
1962Days of Wine and Roses
32.5%
1977You Light Up My Life
31.3%
1955Love is a Many-Splendored Thing
25.3%
1966Born Free
19.3%
1954Three Coins in the Fountain
18.1%

You're not logged in!

Compare scores with friends on all Sporcle quizzes.
OR
Log In

You Might Also Like...

Show Comments

Extras

Top Quizzes Today


Score Distribution

Your Account Isn't Verified!

In order to create a playlist on Sporcle, you need to verify the email address you used during registration. Go to your Sporcle Settings to finish the process.

Report this User

Report this user for behavior that violates our Community Guidelines.

Details: